Kỹ thuật lạnh đại cương /

Đã lưu trong:
書目詳細資料
主要作者: Trần Đức Ba
格式: 圖書
語言:Vietnamese
出版: H. : Đại học và trung học chuyên nghiệp , 1986
版:In lần thứ 1
主題:
標簽: 添加標簽
沒有標簽, 成為第一個標記此記錄!
Thư viện lưu trữ: Thư viện Trường CĐ Kỹ Thuật Cao Thắng
LEADER 00926nam a2200253 a 4500
001 TVCDKTCT2039
003 Thư viện trường Cao đẳng Kỹ thuật Cao Thắng
005 20221006134550.000
008 050813
980 \ \ |a Thư viện Trường CĐ Kỹ Thuật Cao Thắng 
024 |a RG_1 #1 eb0 i1 
041 0 # |a vie 
082 # # |a 621.56 /   |b TR121B-k 
100 1 # |a Trần Đức Ba 
245 0 0 |a Kỹ thuật lạnh đại cương /   |c Trần Đức Ba 
250 # # |a In lần thứ 1 
260 # # |a H. :   |b Đại học và trung học chuyên nghiệp ,   |c 1986 
300 # # |a 182tr. ;   |c 27cm 
650 # 4 |a Kỹ thuật lạnh 
650 # 4 |a Refigeration Technical 
650 # 4 |a Thermal Engineering Technology 
721 # # |a 06. CNKT Nhiệt lạnh 
721 # # |a 13.Kỹ thuật máy lạnh và điều hòa không khí 
841 # # |b Kho Sách   |j 100004142, 100004144, 100004154